[Event "ch-CHN w 2015"]
[Site "Xinghua CHN"]
[Date "2015.05.18"]
[Round "1.1"]
[White "Guo, Qi"]
[Black "Ni, Shiqun"]
[Result "1/2-1/2"]
[WhiteTitle "IM"]
[BlackTitle "WIM"]
[WhiteElo "2424"]
[BlackElo "2393"]
[WhiteFideId "8604002"]
[BlackFideId "8608466"]
[EventDate "2015.05.18"]

1. d4 Nf6 2. Nf3 g6 3. Nbd2 d5 4. b4 Bg7 5. e3 O-O 6. c4 c6 7. Be2 Bf5 8. O-O
Nbd7 9. Bb2 Ne4 10. Nxe4 Bxe4 11. Nd2 Bf5 12. Nb3 dxc4 13. Bxc4 e5 14. Qe2 Nb6
15. Rfd1 Nxc4 16. Qxc4 Be6 17. Qc2 Bxb3 18. Qxb3 exd4 19. Bxd4 Bxd4 20. Rxd4 Qe7
21. Rad1 Rfd8 22. g3 Rxd4 23. Rxd4 Rd8 24. Qd3 Rxd4 25. Qxd4 b6 26. e4 c5 27.
bxc5 bxc5 28. Qc4 Qd6 29. f4 Qd1+ 30. Kg2 Qd2+ 31. Kg1 Qe3+ 32. Kg2 a5 33. e5 h5
34. a4 Qd2+ 35. Kh3 Qd7+ 36. Kg2 Qb7+ 37. Kf2 Qb4 38. Qd5 Qxa4 39. e6 Qc2+ 40.
Kf3 Qc3+ 41. Kg2 fxe6 42. Qxe6+ Kh7 43. Qe7+ Qg7 44. Qxc5 a4 45. Qa3 Qa7 46. Kf3
Qb7+ 47. Ke3 Qd7 48. h3 Qxh3 49. Qe7+ Kg8 50. Qe8+ Kg7 51. Qe7+ 1/2-1/2

[Event "ch-CHN w 2015"]
[Site "Xinghua CHN"]
[Date "2015.05.18"]
[Round "1.2"]
[White "Tan, Zhongyi"]
[Black "Zhu, Ying"]
[Result "1-0"]
[WhiteTitle "WGM"]
[WhiteElo "2475"]
[BlackElo "2128"]
[WhiteFideId "8603642"]
[BlackFideId "8604770"]
[EventDate "2015.05.18"]

1. d4 Nf6 2. c4 g6 3. Nc3 Bg7 4. e4 d6 5. Be2 O-O 6. Bg5 h6 7. Be3 Nc6 8. d5 Ne5
9. f4 Neg4 10. Bd2 h5 11. h3 Nh6 12. Nf3 e6 13. dxe6 Bxe6 14. Qc1 Bd7 15. f5 Kh7
16. g4 gxf5 17. gxf5 Nfg8 18. Qc2 Kh8 19. O-O-O b5 20. cxb5 Rb8 21. Rhg1 Nf6 22.
Rxg7 Kxg7 23. Rg1+ Kh7 24. Bxh6 Kxh6 25. Qd2+ Kh7 26. Ng5+ Kh8 27. Ne6 1-0

[Event "ch-CHN w 2015"]
[Site "Xinghua CHN"]
[Date "2015.05.18"]
[Round "1.3"]
[White "Zhang, Xiaowen"]
[Black "Zhai, Mo"]
[Result "1/2-1/2"]
[WhiteTitle "WGM"]
[BlackTitle "WIM"]
[WhiteElo "2353"]
[BlackElo "2330"]
[WhiteFideId "8603219"]
[BlackFideId "8600201"]
[EventDate "2015.05.18"]

1. e4 c5 2. Nf3 d6 3. d4 cxd4 4. Nxd4 Nf6 5. Nc3 a6 6. h3 e5 7. Nde2 h5 8. g3 b5
9. Nd5 Nbd7 10. Nec3 Bb7 11. Bg5 Be7 12. Nxe7 Qxe7 13. h4 Rc8 14. Bg2 Rc4 15.
Nd5 Bxd5 16. exd5 Qd8 17. O-O Qc7 18. c3 O-O 19. a4 b4 20. cxb4 Rxb4 21. Rc1 Qb8
22. Rc6 Rxb2 23. Rxa6 Qb4 24. Bh3 Nc5 25. Rxd6 Nfe4 26. Rc6 Nxa4 27. Qxh5 Nxg3
28. Qg4 Qxg4 29. Bxg4 Nxf1 30. Kxf1 Nb6 31. d6 Nd5 32. Be7 Ra8 33. Bg5 Nf4 34.
Bxf4 exf4 35. d7 Rd8 36. h5 Kf8 37. Kg2 Rb5 38. Rc4 Rg5 39. Kf3 Ke7 40. Kxf4 Rd5
41. Re4+ Kf6 42. Re8 Rd4+ 43. Kg3 R8xd7 44. Bxd7 Rxd7 45. Ra8 Rd5 46. Kg4 Rg5+
47. Kh4 Rg2 48. f3 Kf5 49. Kh3 Rg5 50. Kh4 Rg1 51. Ra7 f6 52. Ra4 Rh1+ 53. Kg3
Rxh5 54. Rb4 Rh1 55. Rb5+ Kg6 56. Kf4 Rh5 57. Rb7 Re5 58. Ra7 Rb5 59. Rc7 Rb4+
60. Kg3 f5 61. Ra7 Kh6 62. Ra5 g6 63. Rc5 Kg5 64. Ra5 Rb1 65. Rc5 Rg1+ 66. Kf2
Rd1 67. Kg3 Re1 68. Ra5 Kf6 69. f4 Re3+ 70. Kf2 Rb3 71. Ra6+ Kg7 72. Rc6 Kh6 73.
Ra6 Kh5 74. Rc6 Kg4 75. Rxg6+ Kxf4 76. Ra6 Rb2+ 77. Kf1 Kg3 78. Ra3+ Kg4 79. Rc3
f4 80. Ra3 1/2-1/2

[Event "ch-CHN w 2015"]
[Site "Xinghua CHN"]
[Date "2015.05.18"]
[Round "1.4"]
[White "Lei, Tingjie"]
[Black "Wang, Jue"]
[Result "1/2-1/2"]
[WhiteTitle "WGM"]
[BlackTitle "WGM"]
[WhiteElo "2449"]
[BlackElo "2369"]
[WhiteFideId "8605114"]
[BlackFideId "8604070"]
[EventDate "2015.05.18"]

1. Nf3 Nf6 2. g3 g6 3. b3 Bg7 4. Bb2 O-O 5. Bg2 d6 6. d4 c5 7. c4 Qa5+ 8. Nc3
Ne4 9. Rc1 Nc6 10. O-O Bf5 11. Nh4 Bxd4 12. Bxe4 Bxe4 13. Ba1 Bf5 14. Nxf5 gxf5
15. Qd2 Kh8 16. Qf4 f6 17. Qxf5 Bxc3 18. Bxc3 Qxa2 19. Rb1 a5 20. Rb2 Qa3 21.
Qe6 a4 22. Rfb1 Ra7 23. Kg2 b6 24. h4 Ne5 25. h5 axb3 26. f4 Nf7 27. Rxb3 Qa4
28. Rxb6 Qc2 29. Qe3 Nd8 30. Rb8 Qf5 31. Ra1 Qd7 32. Rxa7 Qxa7 33. Rb2 Qd7 34.
Qe4 Rg8 35. Rb8 Qg4 36. Qe3 Qd7 37. Qe4 Qg4 38. Qe3 Qd7 39. Kf2 Qa7 40. Rb5 Qd7
41. Rb6 Qc7 42. Ra6 Nf7 43. Qe4 Qd7 44. Rb6 Qh3 45. Ke1 Qxg3+ 46. Kd2 e5 47. Qf5
Qg7 48. Rb7 Rf8 49. Rd7 Nh6 50. Qe6 Nf7 51. Kc2 h6 52. Bd2 Kg8 53. Rxd6 Qg2 54.
Rd3 Kg7 55. Qf5 Re8 56. Rd7 exf4 57. Qxf4 Qe4+ 58. Qxe4 Rxe4 59. Kd3 Rh4 60. Be3
Kg8 61. Rc7 Ne5+ 62. Kc2 Rxc4+ 63. Kd1 Rh4 64. Bxh6 Rxh5 65. Be3 Rh1+ 66. Kc2 c4
67. Bd4 Rh2 68. Kd1 Rh4 69. Bxe5 fxe5 70. Kd2 Kf8 71. Kc3 Re4 72. Rxc4 Rxe2 73.
Kd3 Rh2 74. Rc7 Rh4 75. Ke3 e4 76. Rc4 Ke7 77. Rxe4+ Rxe4+ 78. Kxe4 1/2-1/2

[Event "ch-CHN w 2015"]
[Site "Xinghua CHN"]
[Date "2015.05.18"]
[Round "1.5"]
[White "Li, Xueyi"]
[Black "Xiao, Yiyi"]
[Result "1-0"]
[BlackTitle "WFM"]
[WhiteElo "2226"]
[BlackElo "2253"]
[WhiteFideId "8605912"]
[BlackFideId "8606161"]
[EventDate "2015.05.18"]

1. d4 Nf6 2. c4 e6 3. Nc3 Bb4 4. Nf3 O-O 5. e3 c5 6. Bd3 Nc6 7. d5 Na5 8. Bd2 h6
9. e4 Bxc3 10. Bxc3 exd5 11. cxd5 b5 12. a3 d6 13. Nd2 c4 14. Bc2 Bd7 15. O-O
Nb7 16. h3 Nc5 17. f4 a5 18. Qf3 Bc8 19. Bd4 Bb7 20. Bxc5 dxc5 21. Qf2 Qc7 22.
d6 Qc6 23. e5 Nd7 24. Be4 Qb6 25. Rae1 Rae8 26. Bxb7 Qxb7 27. Ne4 Qc6 28. Ng3 b4
29. Nf5 Kh8 30. Qg3 Rg8 31. Ne7 Rxe7 32. dxe7 c3 33. bxc3 bxa3 34. f5 c4 35. f6
Qe6 36. Qg4 Qb6+ 37. Kh1 1-0

[Event "ch-CHN w 2015"]
[Site "Xinghua CHN"]
[Date "2015.05.19"]
[Round "2.2"]
[White "Xiao, Yiyi"]
[Black "Ding, Yixin"]
[Result "0-1"]
[WhiteTitle "WFM"]
[BlackTitle "WGM"]
[WhiteElo "2253"]
[BlackElo "2433"]
[WhiteFideId "8606161"]
[BlackFideId "8602972"]
[EventDate "2015.05.18"]

1. d4 Nf6 2. c4 g6 3. g3 c6 4. Bg2 d5 5. Nf3 Bg7 6. O-O dxc4 7. a4 Nd5 8. Qc2 b5
9. axb5 cxb5 10. Na3 Qb6 11. b3 c3 12. e4 Nc7 13. Bf4 Nba6 14. Rfc1 Bb7 15. Qxc3
Ne6 16. Qd3 Nxf4 17. gxf4 Nc7 18. Ne5 a6 19. d5 Qd6 20. Ra2 O-O 21. Qe3 e6 22.
Qc5 Ne8 23. Nd3 exd5 24. Qxd6 Nxd6 25. exd5 Rfd8 26. Rc7 Bd4 27. Nc5 Bc8 28. b4
Re8 29. Bf1 Bg4 30. Nc2 Bxc5 31. bxc5 Ne4 32. Ne3 Bf3 33. d6 Nc3 34. Rc2 b4 35.
Bc4 Rf8 36. Rd2 a5 37. c6 a4 38. Rxf7 Rxf7 39. d7 Bxc6 40. d8=Q+ Rxd8 41. Rxd8+
Kg7 42. Bxf7 Kxf7 43. Rb8 b3 44. Nc4 Bd5 45. Na3 Kf6 46. Kf1 Kf5 47. Rb4 Be4 48.
Ke1 Kxf4 49. Kd2 Nd5 50. Rxa4 b2 51. Ra5 Kf3 52. Rb5 Kxf2 53. Rxb2 Ne3 54. Kc3+
Kf3 55. Kd4 Ng4 56. Nc4 Bf5 57. Nd6 Kf4 58. Nb5 Ne5 59. Nc3 Nf3+ 60. Kd5 h5 61.
Ne2+ Ke3 62. Ng3 Bd3 63. Nh1 Be4+ 64. Kd6 Nd2 65. Ke7 Bxh1 66. Kf6 Be4 67. Kg5
Nf3+ 68. Kh6 h4 69. Rg2 Kf4 70. Rf2 h3 0-1

[Event "ch-CHN w 2015"]
[Site "Xinghua CHN"]
[Date "2015.05.19"]
[Round "2.3"]
[White "Wang, Jue"]
[Black "Li, Xueyi"]
[Result "1-0"]
[WhiteTitle "WGM"]
[WhiteElo "2369"]
[BlackElo "2226"]
[WhiteFideId "8604070"]
[BlackFideId "8605912"]
[EventDate "2015.05.18"]

1. e4 c6 2. d4 d5 3. e5 c5 4. Nf3 cxd4 5. Nxd4 Nc6 6. Bb5 Bd7 7. Nxc6 bxc6 8.
Bd3 Qb8 9. Qe2 g6 10. O-O Bg7 11. Re1 e6 12. Nd2 c5 13. c4 Ne7 14. Nb3 Qb6 15.
Bg5 d4 16. Qf3 Rc8 17. Qf4 Ng8 18. Qg3 Bc6 19. Rab1 Ne7 20. Qf4 Ng8 21. Qg4 Nh6
22. Qh3 Nf5 23. Bf6 Kf8 24. g4 Ne7 25. Qh4 Ng8 26. Nd2 h5 27. g5 Ne7 28. Qf4 Nf5
29. f3 Bxf6 30. exf6 Qb8 31. Qxb8 Rxb8 32. Re5 h4 33. Rxc5 Be8 34. Kf2 h3 35. b3
Ne3 36. Rg1 Rh5 37. Ne4 Rd8 38. Rc7 Ng2 39. Kg3 a5 40. c5 Ne3 41. Kf2 Nd5 42.
Ra7 Nf4 43. Bc4 Ng2 44. Rc7 Ne3 45. Nd6 Nf5 46. Nxe8 Rxe8 47. Rd7 Kg8 48. c6 1-0

[Event "ch-CHN w 2015"]
[Site "Xinghua CHN"]
[Date "2015.05.19"]
[Round "2.4"]
[White "Zhai, Mo"]
[Black "Lei, Tingjie"]
[Result "1/2-1/2"]
[WhiteTitle "WIM"]
[BlackTitle "WGM"]
[WhiteElo "2330"]
[BlackElo "2449"]
[WhiteFideId "8600201"]
[BlackFideId "8605114"]
[EventDate "2015.05.18"]

1. c4 c5 2. Nf3 Nc6 3. Nc3 g6 4. e3 Nf6 5. d4 cxd4 6. exd4 d5 7. cxd5 Nxd5 8.
Qb3 e6 9. Bg5 Be7 10. Bh6 Bf8 11. Bxf8 Kxf8 12. Bb5 Nce7 13. O-O Kg7 14. Rfe1
Rf8 15. Rac1 Nf6 16. Rcd1 b6 17. d5 Nfxd5 18. Nxd5 Nxd5 19. Bc6 Rb8 20. Ne5 Qg5
21. Qa4 a5 22. h4 Qf6 23. Rd3 Qe7 24. Bxd5 exd5 25. Ree3 Qc5 26. Rc3 Qb4 27.
Qxb4 axb4 28. Rb3 Ra8 29. Rxb4 Rxa2 30. Rxb6 d4 31. Rd3 Re8 32. Nf3 Re2 33. Rxd4
Rexb2 34. Rxb2 Rxb2 35. Rd2 Rxd2 36. Nxd2 1/2-1/2

[Event "ch-CHN w 2015"]
[Site "Xinghua CHN"]
[Date "2015.05.19"]
[Round "2.5"]
[White "Zhu, Ying"]
[Black "Zhang, Xiaowen"]
[Result "1-0"]
[BlackTitle "WGM"]
[WhiteElo "2128"]
[BlackElo "2353"]
[WhiteFideId "8604770"]
[BlackFideId "8603219"]
[EventDate "2015.05.18"]

1. e4 e6 2. d4 d5 3. exd5 exd5 4. Bd3 Nc6 5. c3 Bd6 6. Nf3 Bg4 7. O-O Nce7 8.
Re1 c6 9. Nbd2 Qc7 10. Qc2 O-O-O 11. b4 Kb8 12. a4 f6 13. Ba3 g5 14. b5 h5 15.
Reb1 h4 16. a5 cxb5 17. Bxd6 Qxd6 18. Bxb5 Bc8 19. Nb3 g4 20. Ne1 g3 21. h3
gxf2+ 22. Qxf2 Nf5 23. Nc5 Ng3 24. Ba6 Ne4 25. Bxb7 Nxf2 26. Na6+ Qxa6 27. Bxa6+
Ka8 28. Bxc8 Rxc8 29. Kxf2 Rxc3 30. Rc1 Rxc1 31. Rxc1 Ne7 32. a6 Kb8 33. Nd3 Nf5
34. Nb4 Nxd4 35. Nxd5 Rd8 36. Ne7 Re8 37. Nc6+ Nxc6 38. Rxc6 f5 39. Rc4 Rh8 40.
Rb4+ Ka8 41. Kf3 Rh6 42. Ra4 Kb8 43. Kf4 Rg6 44. Kxf5 Rxg2 45. Rxh4 Rf2+ 46. Rf4
Ra2 47. Rb4+ Kc8 48. h4 Rxa6 49. Rd4 Ra1 50. h5 Rh1 51. Kg6 Kc7 52. h6 Kc6 53.
h7 a5 54. Rd8 a4 55. h8=Q Rxh8 56. Rxh8 Kc5 57. Kf5 Kb4 58. Ke4 a3 59. Kd3 a2
60. Rb8+ Ka3 61. Kc2 a1=N+ 62. Kc3 Ka2 63. Rh8 Kb1 64. Rh2 1-0

[Event "ch-CHN w 2015"]
[Site "Xinghua CHN"]
[Date "2015.05.19"]
[Round "2.6"]
[White "Guo, Qi"]
[Black "Tan, Zhongyi"]
[Result "0-1"]
[WhiteTitle "IM"]
[BlackTitle "WGM"]
[WhiteElo "2424"]
[BlackElo "2475"]
[WhiteFideId "8604002"]
[BlackFideId "8603642"]
[EventDate "2015.05.18"]

1. d4 Nf6 2. Nf3 e6 3. c4 b6 4. a3 Bb7 5. Nc3 Ne4 6. Nxe4 Bxe4 7. e3 Be7 8. Be2
O-O 9. O-O d6 10. b4 Nd7 11. Bb2 f5 12. Nd2 Bb7 13. e4 fxe4 14. Bg4 e5 15. d5
Nf6 16. Bf5 Bc8 17. Bxe4 Nxe4 18. Nxe4 Bf5 19. Ng3 Bg6 20. Bc1 a5 21. Be3 axb4
22. axb4 Rxa1 23. Qxa1 Bg5 24. Qc3 Bxe3 25. fxe3 Rxf1+ 26. Nxf1 Qh4 27. c5 h6
28. cxd6 cxd6 29. b5 Qg4 30. Kf2 Qf5+ 31. Ke2 Qe4 32. Qc6 Qxg2+ 33. Ke1 Bd3 34.
Ng3 Qxh2 35. Qc8+ Kh7 36. Qg4 Bg6 37. e4 Qg2 38. Qh4 Qf3 39. Ne2 Bxe4 0-1

[Event "ch-CHN w 2015"]
[Site "Xinghua CHN"]
[Date "2015.05.20"]
[Round "3.1"]
[White "Tan, Zhongyi"]
[Black "Ni, Shiqun"]
[Result "1-0"]
[WhiteTitle "WGM"]
[BlackTitle "WIM"]
[WhiteElo "2475"]
[BlackElo "2393"]
[WhiteFideId "8603642"]
[BlackFideId "8608466"]
[EventDate "2015.05.18"]

1. d4 Nf6 2. c4 g6 3. Nf3 Bg7 4. Nc3 d5 5. Qb3 dxc4 6. Qxc4 O-O 7. e4 a6 8. Be2
b5 9. Qb3 c5 10. dxc5 Be6 11. Qc2 Nbd7 12. Be3 Rc8 13. Rd1 b4 14. Nd5 Bxd5 15.
exd5 Nxc5 16. O-O Nce4 17. Qd3 Qd6 18. Qxa6 Ra8 19. Qc4 Rfc8 20. Qb3 Nc5 21.
Qxb4 Nxd5 22. Qh4 Qc6 23. Ng5 Nf6 24. Qc4 e6 25. Bxc5 Qxc5 26. Rd8+ 1-0

[Event "ch-CHN w 2015"]
[Site "Xinghua CHN"]
[Date "2015.05.20"]
[Round "3.2"]
[White "Zhang, Xiaowen"]
[Black "Guo, Qi"]
[Result "1-0"]
[WhiteTitle "WGM"]
[BlackTitle "IM"]
[WhiteElo "2353"]
[BlackElo "2424"]
[WhiteFideId "8603219"]
[BlackFideId "8604002"]
[EventDate "2015.05.18"]

1. e4 c6 2. Nc3 d5 3. Nf3 Bg4 4. h3 Bxf3 5. Qxf3 e6 6. d4 dxe4 7. Qxe4 Nf6 8.
Qd3 Nbd7 9. g3 Qc7 10. Bg2 Bd6 11. O-O O-O 12. Rd1 Rfe8 13. b3 Rad8 14. Bb2 Bf8
15. Qf3 g6 16. Re1 Bg7 17. Rad1 h6 18. g4 Nf8 19. Ne2 g5 20. c4 Ng6 21. Bh1 Nh7
22. Ng3 Nf4 23. Kh2 Nf8 24. Qe3 N8g6 25. Ba1 Qb8 26. Bc3 Nh4 27. Ba5 Rc8 28. Bb4
f5 29. gxf5 exf5 30. Qd2 Nfg6 31. Kg1 Nf4 32. Kh2 Rcd8 33. Rxe8+ Rxe8 34. d5
cxd5 35. cxd5 Be5 36. d6 Nhg6 37. Bc3 Kh7 38. Bxe5 Nxe5 39. Qc2 Nfg6 40. Nxf5
Rf8 41. Be4 Qe8 42. Ne7 Rf6 43. Nxg6 Nxg6 44. Bxg6+ Rxg6 45. d7 Qb8+ 46. Kh1 Qd8
47. Rd6 1-0

[Event "ch-CHN w 2015"]
[Site "Xinghua CHN"]
[Date "2015.05.20"]
[Round "3.3"]
[White "Lei, Tingjie"]
[Black "Zhu, Ying"]
[Result "1-0"]
[WhiteTitle "WGM"]
[WhiteElo "2449"]
[BlackElo "2128"]
[WhiteFideId "8605114"]
[BlackFideId "8604770"]
[EventDate "2015.05.18"]

1. d4 d5 2. c4 c6 3. Nf3 Nf6 4. Nc3 e6 5. g3 Bb4 6. Bg2 Nbd7 7. O-O O-O 8. Qd3
Re8 9. Rd1 Qe7 10. a3 Bxc3 11. Qxc3 dxc4 12. Ne5 Nb6 13. e4 Nfd7 14. Nxc4 Nxc4
15. Qxc4 e5 16. Be3 exd4 17. Bxd4 c5 18. Be3 Ne5 19. Qxc5 Bg4 20. Qxe7 Rxe7 21.
Rd5 f6 22. Rc1 b6 23. h3 Be6 24. Rd6 Rae8 25. f4 Nf7 26. Rd4 Rd8 27. Rxd8+ Nxd8
28. Kf2 Nb7 29. b4 Nd6 30. Rc6 Nc4 31. g4 Nxa3 32. Bf1 Bd7 33. Rc7 Kf8 34. Rxa7
Nb5 35. Rxd7 Rxd7 36. Bxb5 Rd6 37. Ke2 Ke7 38. Bc4 Rc6 39. Kd3 Rd6+ 40. Bd5 Kd8
41. Kc4 Kc7 42. Bd4 Rd8 43. g5 Rf8 44. gxf6 gxf6 45. Kb5 f5 46. Bxb6+ Kd7 47. e5
Rc8 48. Bc5 Rb8+ 49. Kc4 1-0

[Event "ch-CHN w 2015"]
[Site "Xinghua CHN"]
[Date "2015.05.20"]
[Round "3.4"]
[White "Li, Xueyi"]
[Black "Zhai, Mo"]
[Result "1/2-1/2"]
[BlackTitle "WIM"]
[WhiteElo "2226"]
[BlackElo "2330"]
[WhiteFideId "8605912"]
[BlackFideId "8600201"]
[EventDate "2015.05.18"]

1. d4 Nf6 2. c4 e6 3. Nc3 Bb4 4. e3 O-O 5. Bd3 d5 6. Nf3 dxc4 7. Bxc4 c5 8. O-O
cxd4 9. exd4 Nbd7 10. Re1 b6 11. Qb3 Bxc3 12. bxc3 Bb7 13. Be2 Qc7 14. c4 Rac8
15. a4 Rfe8 16. a5 h6 17. h3 Ne4 18. axb6 axb6 19. Be3 Ra8 20. Qb2 Nd6 21. Rxa8
Bxa8 22. Rc1 Nf5 23. Bd2 Rc8 24. c5 bxc5 25. dxc5 Rb8 26. Qc3 Nf6 27. Qa5 Qc6
28. Bf1 Nd7 29. Bf4 Rb3 30. Qc7 Rxf3 31. Qxc6 Bxc6 32. gxf3 Nd4 33. Bd3 Nb3 34.
Rc3 Nbxc5 35. Bc2 Ba4 36. Bxa4 Nxa4 37. Rc8+ Kh7 38. Rc7 Nf6 39. Rxf7 Nc5 40.
Bd6 Nd3 41. Kf1 e5 42. Bc7 Kg6 43. Rf8 Nd5 44. Bb8 Kg5 45. Re8 Kf5 46. Ba7 N5f4
47. h4 Ng6 48. h5 Ngf4 49. Rd8 Nb4 50. Bc5 Nbd5 51. Bf8 Nf6 52. Bxg7 N6xh5 53.
Rf8+ Ke6 54. Bxh6 Ng6 55. Ra8 Kf5 56. Ke2 Nf6 57. Be3 Nh5 58. Ra7 Nf6 59. Kd3
Nh4 60. Ke2 Ng6 61. Ra6 Nd5 62. Rd6 Nf6 63. Bd2 Nh5 64. Bc3 Nhf4+ 65. Ke3 Ng2+
66. Kd3 N2h4 67. Kc4 Nxf3 68. Rd7 Ke4 69. Rd3 Ne7 70. Re3+ Kf4 71. Kc5 Nf5 72.
Re2 Ne7 73. Kd6 Nf5+ 74. Kd5 Ne7+ 75. Ke6 Nc6 76. Ra2 Ke4 77. Kd6 Ncd4 78. Kc5
Kd3 79. Bb4 Nc2 80. Ba5 e4 81. Rb2 Nfd4 82. Kd5 e3 83. f4 e2 84. Rxc2 Nxc2 85.
Ke5 Nd4 86. f5 Nc6+ 1/2-1/2

[Event "ch-CHN w 2015"]
[Site "Xinghua CHN"]
[Date "2015.05.20"]
[Round "3.5"]
[White "Ding, Yixin"]
[Black "Wang, Jue"]
[Result "1-0"]
[WhiteTitle "WGM"]
[BlackTitle "WGM"]
[WhiteElo "2433"]
[BlackElo "2369"]
[WhiteFideId "8602972"]
[BlackFideId "8604070"]
[EventDate "2015.05.18"]

1. e4 c5 2. Nf3 d6 3. d4 cxd4 4. Nxd4 Nf6 5. f3 e5 6. Nb3 d5 7. Bg5 d4 8. c3 Nc6
9. Bb5 h6 10. Bh4 Qb6 11. Bxc6+ bxc6 12. cxd4 exd4 13. Qxd4 c5 14. Qe3 Ba6 15.
Nc3 g5 16. e5 Qe6 17. Bf2 Nd7 18. O-O-O Rc8 19. Kb1 Be7 20. Nd5 Bd8 21. Nf6+
Nxf6 22. exf6 Qxe3 23. Bxe3 c4 24. Nc5 Bb5 25. Ne4 Bc7 26. Bc5 Bd7 27. Rhe1 Be6
28. Be7 Rb8 29. Re2 Rb6 30. Red2 Rb8 31. Nd6+ Bxd6 32. Rxd6 Bf5+ 33. Ka1 Bd3 34.
b3 1-0

[Event "ch-CHN w 2015"]
[Site "Xinghua CHN"]
[Date "2015.05.21"]
[Round "4.1"]
[White "Ni, Shiqun"]
[Black "Xiao, Yiyi"]
[Result "1-0"]
[WhiteTitle "WIM"]
[BlackTitle "WFM"]
[WhiteElo "2393"]
[BlackElo "2253"]
[WhiteFideId "8608466"]
[BlackFideId "8606161"]
[EventDate "2015.05.18"]

1. e4 c5 2. Nf3 e6 3. d4 cxd4 4. Nxd4 Nc6 5. Nc3 Qc7 6. Be3 a6 7. Be2 Nf6 8. O-O
Bb4 9. Nxc6 bxc6 10. Qd4 c5 11. Qc4 Bb7 12. a3 Bxc3 13. Qxc3 Rc8 14. f3 h6 15.
Rfe1 e5 16. Bc4 d6 17. Rad1 O-O 18. Re2 Rcd8 19. Red2 Rfe8 20. Ba2 Rd7 21. b4
cxb4 22. Qxb4 a5 23. Qb6 Rc8 24. Bb3 Qc6 25. Rxd6 Rxd6 26. Rxd6 Qc3 27. Bd2 Qa1+
28. Kf2 Bxe4 29. Rxf6 gxf6 30. fxe4 Qd1 31. Bxh6 Rc3 32. Qa7 Qh5 33. Bd2 Rc8 34.
Qd7 Rf8 35. h3 Qh4+ 36. Kf3 a4 37. Bxa4 Ra8 38. Bb3 Qh5+ 39. Qg4+ Qxg4+ 40. Kxg4
Rxa3 41. h4 Ra1 42. h5 Kg7 43. Bd5 Rg1 44. Kg3 Rh1 45. h6+ Kg6 46. c4 1-0

[Event "ch-CHN w 2015"]
[Site "Xinghua CHN"]
[Date "2015.05.21"]
[Round "4.3"]
[White "Zhai, Mo"]
[Black "Ding, Yixin"]
[Result "1/2-1/2"]
[WhiteTitle "WIM"]
[BlackTitle "WGM"]
[WhiteElo "2330"]
[BlackElo "2433"]
[WhiteFideId "8600201"]
[BlackFideId "8602972"]
[EventDate "2015.05.18"]

1. Nf3 Nf6 2. c4 e6 3. e3 d5 4. d4 Be7 5. Nbd2 O-O 6. Bd3 b6 7. cxd5 exd5 8. O-O
Bb7 9. b3 Nbd7 10. Bb2 c5 11. Rc1 Ne4 12. Qe2 cxd4 13. Nxd4 Ndc5 14. Bb5 Nxd2
15. Qxd2 Bf6 16. Bc6 Ne4 17. Qd3 Bxc6 18. Nxc6 Qd6 19. Bxf6 Nxf6 20. b4 Ng4 21.
g3 Rfe8 22. Qf5 Nf6 23. Rc2 h6 24. Rfc1 a6 25. Rd1 Kf8 26. Qd3 Rec8 27. Rdc1 Rc7
28. a4 Nd7 29. h4 a5 30. bxa5 bxa5 31. Nd4 Rxc2 32. Qxc2 Kg8 33. Nb5 Qe5 34. Qc6
Rd8 35. Rd1 Nf6 36. Rd4 Ne4 37. Qc7 Qxc7 38. Nxc7 Nc3 39. Kg2 Kf8 40. Kf3 Ke7
41. Rd3 Nxa4 42. Nxd5+ Kf8 43. e4 Nb6 44. Ke3 Nxd5+ 45. exd5 Ke7 46. Ke4 1/2-1/2

[Event "ch-CHN w 2015"]
[Site "Xinghua CHN"]
[Date "2015.05.21"]
[Round "4.4"]
[White "Zhu, Ying"]
[Black "Li, Xueyi"]
[Result "0-1"]
[WhiteElo "2128"]
[BlackElo "2226"]
[WhiteFideId "8604770"]
[BlackFideId "8605912"]
[EventDate "2015.05.18"]

1. e4 c6 2. d4 d5 3. exd5 cxd5 4. Bd3 Nc6 5. c3 Qc7 6. h3 Nf6 7. Nf3 h6 8. Qe2
e6 9. O-O Be7 10. Nbd2 Bd7 11. Ne5 g5 12. Re1 h5 13. Nf1 Rg8 14. Bd2 h4 15. Nh2
Rg7 16. b4 O-O-O 17. b5 Nxe5 18. dxe5 Ne4 19. Be3 g4 20. Nxg4 f5 21. exf6 Nxf6
22. Bd4 Rdg8 23. Be5 Qb6 24. c4 Nxg4 25. Bxg7 Nxf2 26. Bd4 Nxh3+ 27. Kh1 Qxd4
28. Rf1 Nf4 29. Rxf4 Qxf4 30. Rf1 Qg4 31. Qc2 h3 32. cxd5+ Kb8 33. gxh3 Qxh3+
34. Qh2+ Qxh2+ 35. Kxh2 Bd6+ 36. Kh1 exd5 0-1

[Event "ch-CHN w 2015"]
[Site "Xinghua CHN"]
[Date "2015.05.21"]
[Round "4.5"]
[White "Guo, Qi"]
[Black "Lei, Tingjie"]
[Result "1/2-1/2"]
[WhiteTitle "IM"]
[BlackTitle "WGM"]
[WhiteElo "2424"]
[BlackElo "2449"]
[WhiteFideId "8604002"]
[BlackFideId "8605114"]
[EventDate "2015.05.18"]

1. d4 Nf6 2. c4 g6 3. Nc3 d5 4. Bg5 Bg7 5. Bxf6 Bxf6 6. cxd5 c5 7. Nf3 cxd4 8.
Nxd4 Qb6 9. Nb3 O-O 10. e3 Rd8 11. Be2 e6 12. Qd2 Nc6 13. O-O Ne7 14. Bf3 exd5
15. Rfd1 Be6 16. Na4 Qd6 17. Nac5 Rab8 18. Rac1 Nc6 19. Nxe6 fxe6 20. Nc5 Ne5
21. Be2 Qe7 22. b3 Rbc8 23. Nd3 Nxd3 24. Bxd3 Kg7 25. g3 Rxc1 26. Rxc1 e5 27.
Qe2 e4 28. Bb1 d4 29. exd4 Rxd4 30. Rc4 e3 31. Rxd4 Bxd4 32. fxe3 Qxe3+ 33. Qxe3
Bxe3+ 1/2-1/2

[Event "ch-CHN w 2015"]
[Site "Xinghua CHN"]
[Date "2015.05.21"]
[Round "4.6"]
[White "Tan, Zhongyi"]
[Black "Zhang, Xiaowen"]
[Result "1/2-1/2"]
[WhiteTitle "WGM"]
[BlackTitle "WGM"]
[WhiteElo "2475"]
[BlackElo "2353"]
[WhiteFideId "8603642"]
[BlackFideId "8603219"]
[EventDate "2015.05.18"]

1. Nf3 Nf6 2. c4 e6 3. g3 d5 4. Bg2 d4 5. O-O c5 6. d3 Nc6 7. e3 Bd6 8. exd4
cxd4 9. a3 a5 10. Bg5 h6 11. Bxf6 Qxf6 12. Nbd2 Qe7 13. Ne4 Bc7 14. b4 axb4 15.
axb4 Rxa1 16. Qxa1 Qxb4 17. Rb1 Qa5 18. Qxa5 Bxa5 19. Nd6+ Ke7 20. Nxc8+ Rxc8
21. Rxb7+ Rc7 22. Rxc7+ Bxc7 23. Kf1 Ne5 24. Nxe5 Bxe5 25. Ke2 Kd6 26. f4 Bf6
27. Bb7 Bd8 28. Kf3 Bb6 29. Ba6 Ba7 30. Bb5 1/2-1/2

[Event "ch-CHN w 2015"]
[Site "Xinghua CHN"]
[Date "2015.05.22"]
[Round "5.1"]
[White "Zhang, Xiaowen"]
[Black "Ni, Shiqun"]
[Result "1-0"]
[WhiteTitle "WGM"]
[BlackTitle "WIM"]
[WhiteElo "2353"]
[BlackElo "2393"]
[WhiteFideId "8603219"]
[BlackFideId "8608466"]
[EventDate "2015.05.18"]

1. e4 e5 2. Nf3 Nf6 3. Nxe5 d6 4. Nf3 Nxe4 5. Nc3 Nxc3 6. dxc3 Be7 7. Be3 Nc6 8.
Qd2 Ne5 9. O-O-O O-O 10. h4 c6 11. Kb1 Qa5 12. Nxe5 Qxe5 13. Bg5 Bxg5 14. hxg5
Bf5 15. f4 Qa5 16. Bd3 g6 17. Rh4 Bxd3 18. Qxd3 f5 19. Rxh7 Kxh7 20. Rh1+ Kg8
21. Qd4 Qd8 22. Rh8+ Kf7 23. Rh7+ Ke6 24. Qe3+ Kd5 25. Qd3+ Ke6 26. c4 d5 27.
Qe3+ Kd6 28. c5# 1-0